[Event "Grenzturnering 10th"]
[Site "Leck,Tonder,Niebuell,Logumklo"]
[Date "2020.03.02"]
[Round "7"]
[White "Kroeger, Dieter"]
[Black "Falsig, Niels"]
[Result "1/2-1/2"]
[WhiteElo "1832"]
[BlackElo "1795"]
[PlyCount "40"]
[EventDate "2019.09.20"]
[EventType "swiss"]
[EventRounds "9"]
[EventCountry "DEN"]
[SourceTitle "EXT 2021"]
[Source "ChessBase"]
[SourceDate "2020.10.23"]
[SourceVersion "1"]
[SourceVersionDate "2020.10.23"]
[SourceQuality "1"]

1. f4 d5 2. Nf3 Nf6 3. e3 a6 4. b3 c5 5. Bb2 Nc6 6. g3 Bg4 7. Bg2 e6 8. d3 Be7 9. Nbd2 0-0 10. 0-0 Qc7 11. h3 Bxf3 12. Nxf3 Nd7 13. Qe2 Bf6 14. Bxf6 Nxf6 15. e4 dxe4 16. dxe4 Rfd8 17. Rfd1 h6 18. c3 Rd7 19. Rxd7 Qxd7 20. Rd1 Qc7 1/2-1/2

[Event "Grenzturnering 10th"]
[Site "Leck,Tonder,Niebuell,Logumklo"]
[Date "2020.01.07"]
[Round "5"]
[White "Hansen, Dirk"]
[Black "Kroeger, Dieter"]
[Result "1-0"]
[WhiteElo "1818"]
[BlackElo "1832"]
[PlyCount "99"]
[EventDate "2019.09.20"]
[EventType "swiss"]
[EventRounds "9"]
[EventCountry "DEN"]
[SourceTitle "EXT 2021"]
[Source "ChessBase"]
[SourceDate "2020.10.23"]
[SourceVersion "1"]
[SourceVersionDate "2020.10.23"]
[SourceQuality "1"]

1. e4 e6 2. b3 d5 3. Bb2 Nf6 4. exd5 exd5 5. Nf3 Bd6 6. Be2 0-0 7. 0-0 Bg4 8. h3 Bxf3 9. Bxf3 c6 10. Re1 Nbd7 11. d3 Qc7 12. Nd2 Rae8 13. Be2 Re7 14. Nf3 Rfe8 15. Nd4 Be5 16. Rb1 Bxd4 17. Bxd4 c5 18. Be3 d4 19. Bd2 Nd5 20. Bf3 Rxe1+ 21. Bxe1 Qd6 22. c4 dxc3 23. d4 Rxe1+ 24. Qxe1 cxd4 25. Be2 c2 26. Rc1 Nb4 27. Qd2 d3 28. Bxd3 Nxd3 29. Rxc2 Qd4 30. Rc3 N7c5 31. Qe3 Qd7 32. b4 Nxb4 33. Rxc5 Qd1+ 34. Kh2 Qd6+ 35. g3 Nc6 36. Rc2 h6 37. Rd2 Qc7 38. Qe8+ Kh7 39. Rd7 Qb6 40. Qxf7 Qb2 41. Qf5+ Kg8 42. Qf7+ Kh7 43. Rxb7 Qe5 44. Rc7 Nd8 45. Qc4 Ne6 46. Rxa7 h5 47. Qc2+ Kh6 48. Ra6 g6 49. Qd2+ Kg7 50. Qd7+ 1-0

[Event "Schleswig Holstein-ch Seniors"]
[Site "Leck"]
[Date "2014.04.14"]
[Round "3"]
[White "Kroeger, Dieter"]
[Black "Rickers, Bernhard"]
[Result "1-0"]
[WhiteElo "1768"]
[BlackElo "1524"]
[PlyCount "75"]
[EventDate "2014.04.12"]
[EventType "swiss"]
[EventRounds "9"]
[EventCountry "GER"]
[SourceTitle "EXT 2018"]
[Source "ChessBase"]
[SourceDate "2017.10.13"]
[SourceVersion "1"]
[SourceVersionDate "2017.10.13"]
[SourceQuality "1"]

1. f4 g6 2. Nf3 Bg7 3. g3 d6 4. Bg2 Nf6 5. 0-0 0-0 6. e3 Nc6 7. b3 Ne4 8. c3 Bg4 9. Qc2 Nf6 10. Bb2 Qc8 11. d4 Bf5 12. Qe2 Bh3 13. Nbd2 Bxg2 14. Kxg2 d5 15. e4 dxe4 16. Nxe4 Nxe4 17. Qxe4 e6 18. Rad1 Ne7 19. Ba3 Re8 20. Bxe7 Rxe7 21. Rd3 c6 22. Rfd1 Qe8 23. Nd2 Rd8 24. Nc4 Rd5 25. Ne3 Rd6 26. Qf3 Red7 27. Ng4 Qd8 28. Nf2 f5 29. Re3 Re7 30. Rde1 Qa5 31. Qe2 Qd5+ 32. Kg1 Kf7 33. Qd3 Qa5 34. Qc2 c5 35. dxc5 Qxc5 36. Nd3 Qxc3 37. Ne5+ Bxe5 38. Rxc3 1-0

[Event "Schleswig Holstein-ch Seniors"]
[Site "Leck"]
[Date "2014.04.13"]
[Round "2"]
[White "Scharf, Oliver"]
[Black "Kroeger, Dieter"]
[Result "1-0"]
[WhiteElo "1723"]
[BlackElo "1768"]
[PlyCount "61"]
[EventDate "2014.04.12"]
[EventType "swiss"]
[EventRounds "9"]
[EventCountry "GER"]
[SourceTitle "EXT 2018"]
[Source "ChessBase"]
[SourceDate "2017.10.13"]
[SourceVersion "1"]
[SourceVersionDate "2017.10.13"]
[SourceQuality "1"]

1. Nf3 e6 2. g3 f5 3. Bg2 Nf6 4. 0-0 g6 5. b3 Bg7 6. Bb2 0-0 7. d3 c6 8. c4 d5 9. Nbd2 Nbd7 10. Rc1 b6 11. Rc2 Bb7 12. Qa1 Rc8 13. Rfc1 Qe7 14. a4 Rfd8 15. a5 dxc4 16. Rxc4 c5 17. Qa3 Nd5 18. Bxg7 Kxg7 19. Nd4 Ba6 20. axb6 Bxc4 21. bxa7 cxd4 22. Qxe7+ Nxe7 23. bxc4 Kf6 24. Ra1 Nb6 25. Ra6 Na8 26. Nb3 Rc7 27. Nxd4 Rxd4 28. Bxa8 Rdd7 29. Bb7 Rd8 30. a8Q Rxa8 31. Bxa8 1-0

[Event "Schleswig Holstein-ch cand-B 56th"]
[Site "Eckernfoerde"]
[Date "2001.04.??"]
[Round "6"]
[White "Kroeger, Dieter"]
[Black "Harnau, Frank"]
[Result "1/2-1/2"]
[WhiteElo "1845"]
[BlackElo "1846"]
[PlyCount "41"]
[EventDate "2001.04.??"]
[EventType "swiss"]
[EventRounds "9"]
[EventCountry "GER"]
[SourceTitle "EXT 2004"]
[Source "ChessBase"]
[SourceDate "2003.11.25"]
[SourceVersion "1"]
[SourceVersionDate "2003.11.25"]
[SourceQuality "1"]

1. f4 d5 2. Nf3 g6 3. e3 Bg7 4. d4 Nf6 5. Bd3 0-0 6. 0-0 b6 7. b3 Ba6 8. Bxa6 Nxa6 9. Qe2 Qc8 10. Nbd2 c5 11. Bb2 Nc7 12. Ne5 Nce8 13. c4 e6 14. Rac1 Qa6 15. Qf3 Rc8 16. a4 Nd6 17. cxd5 exd5 18. Ba3 Nfe4 19. Rfd1 Rfd8 20. Nxe4 Nxe4 21. Qf1 1/2-1/2